000 00470nam a22001697a 4500
005 20251108164823.0
008 250721s1976 xx 000 0 ara d
082 1 4 _a616.2/تيو
100 1 _aشان، تيودور
245 1 0 _aأمراض جهاز التنفس /
264 1 _aدمشق :
_bجامعة دمشق،
_c1976.
300 _a2ج : مص
650 1 7 _aالجهاز التنفسي
650 1 7 _aأمراض التنفس
942 _2ddc
_cBK
999 _c15158
_d15158